Guinea-Bissau : First and Second Reviews Under the Extended Credit Facility Arrangement, Request for Rephasing of Disbursements, Modification of Performance Criteria and Financing Assurances Review-Press Release; Staff Report; and Statement by the Executive Director for Guinea-Bissau.

This paper discusses Guinea-Bissau's First and Second Reviews Under the Extended Credit Facility (ECF) arrangement, Request for Rephasing of Disbursements, Modification of Performance Criteria, and Financing Assurances Review. All performance criteria for the first and second reviews were met....

Descripció completa

Dades bibliogràfiques
Autor corporatiu: International Monetary Fund. African Dept
Format: Revista
Idioma:English
Publicat: Washington, D.C. : International Monetary Fund, 2016.
Col·lecció:IMF Staff Country Reports; Country Report ; No. 2016/384
Accés en línia:Full text available on IMF
LEADER 02137cas a2200241 a 4500
001 AALejournalIMF017294
008 230101c9999 xx r poo 0 0eng d
020 |c 5.00 USD 
020 |z 9781475561678 
022 |a 1934-7685 
040 |a BD-DhAAL  |c BD-DhAAL 
110 2 |a International Monetary Fund.  |b African Dept. 
245 1 0 |a Guinea-Bissau :   |b First and Second Reviews Under the Extended Credit Facility Arrangement, Request for Rephasing of Disbursements, Modification of Performance Criteria and Financing Assurances Review-Press Release; Staff Report; and Statement by the Executive Director for Guinea-Bissau. 
264 1 |a Washington, D.C. :  |b International Monetary Fund,  |c 2016. 
300 |a 1 online resource (88 pages) 
490 1 |a IMF Staff Country Reports 
500 |a <strong>Off-Campus Access:</strong> No User ID or Password Required 
500 |a <strong>On-Campus Access:</strong> No User ID or Password Required 
506 |a Electronic access restricted to authorized BRAC University faculty, staff and students 
520 3 |a This paper discusses Guinea-Bissau's First and Second Reviews Under the Extended Credit Facility (ECF) arrangement, Request for Rephasing of Disbursements, Modification of Performance Criteria, and Financing Assurances Review. All performance criteria for the first and second reviews were met. The IMF staff discussions with the authorities focused on measures to fill the 2016 financing gap that resulted from the loss of budget support and steps to reignite structural reforms. The authorities undertook remedial measures, including declaring the bank bailout operation null and void and measures to address weaknesses in public financial management. The IMF staff supports completion of the first and second reviews under the ECF arrangement and the authorities' requests for modification of performance criteria and rephasing of disbursements. 
538 |a Mode of access: Internet 
830 0 |a IMF Staff Country Reports; Country Report ;  |v No. 2016/384 
856 4 0 |z Full text available on IMF  |u http://elibrary.imf.org/view/journals/002/2016/384/002.2016.issue-384-en.xml  |z IMF e-Library